| 000 | 00558nam a2200181Ia 4500 | ||
|---|---|---|---|
| 003 | GCL | ||
| 008 | 140319s9999 xx 000 0 ara d | ||
| 040 |
_aGCL / _cGCL |
||
| 082 | 0 | 4 |
_a911.56 _bك ر |
| 100 | 1 | _aكالدر، رتشى | |
| 245 | 1 | 0 |
_aرجال ذللو الصحراء / _cكالدر، رتشى |
| 300 | _a258 ص | ||
| 490 |
_aالالف كتاب _v0 |
||
| 650 | 0 | 4 | _aالجغرافيا التاريخية |
| 650 | 0 | 4 | _aالجغرافيا - تاريخ |
| 650 | 0 | 4 | _aالجغرافياالتاريخية-الوطن العرى |
| 942 |
_2ddc _cBK |
||
| 999 |
_c50570 _d50570 |
||